000 01127nam a2200253Ia 4500
001 225-NUO te (17598)
003 IT-MiSPE
008 171229s9999||||xx |||||||||||||| ||und||
040 _aIT-MiSPE
_cIT-MiSPE
041 _aITALIANO
100 _aPiero Rossano
245 0 _aNuovo Testamento
_bNuovissima versione dai testi originali con note, introduzioni, commenti e sussidi
250 _a1a ed. (v)
260 _aCinisello B.mo
_bSan Paolo
_c2005
300 _a633 p.
_c20 cm
490 _aNuovo Testamento
_v55
501 _aEdizioni San Paolo srl - Piazza Soncino, 5 - 20092 CINISELLO BALSAMO (MI) (non commercial uses only) ® Copyright 2018
520 _aAntonio Girlanda (intr., note). Cart. geo.
650 _aBIBBIA. NT
700 _aAntonio Girlanda
942 _cBK
957 _71
999 _a3983
_bNO
_g Copie: 1
_c338922
_d338922